000 00512nam a2200193Ia 4500
003 GCL
008 140319s9999 xx 000 0 eng d
040 _aGCL /
_cGCL
082 0 4 _aCC
_b932
_bD M
100 1 _aDARESSY, GEORGES
245 1 0 _aME' HABOU, NOTICE EXLICATIVE DES RUINES /
_cDARESSY, GEORGES
260 _a[S.N] :
_bSERVICE DES ANTIQUITES DE L'EGYPTE ،
_c1897
300 _a210
650 0 4 _aANCIENT EGYPT
650 0 4 _aHISTORY
650 0 4 _aARCHAEOLOGY
650 0 4 _aTEMPLES
942 _2ddc
_cBK
999 _c15781
_d15781